000 00802cam a22002772 4500
001 72793
003 BD RjUL
005 20211209082318.0
008 170523s1924 enk 001 0 eng u
035 _a(BD RjUL)73011
040 _cWSU
_dOCL
_dIXA
_dBD RJUL
_aBD-RjUL
_beng
041 _aeng
082 _a541.372
_bCRI 1924
_223
090 _aQC721
_b.C7 1949
100 1 _aCrowther, James Arnold,
_d1883-
_935259
245 1 0 _aIons, electrons, and ionizing radiations /
_cJames Arnold Crowther
250 _a6th ed.
260 _aLondon :
_bEdward Arnold,
_c1924.
300 _axii, 328 p. :
_bill. ;
_c23 cm.
500 _aIncludes index
650 0 _aIons.
_935260
650 0 _aElectrons.
_935261
650 0 _aIonization.
_935262
650 0 _aMatter
_xConstitution.
_925294
942 _2ddc
_cBK
999 _c72793
_d72793